000 01841nam0a2200361 4500
001 RU\NLR\BIBL_A\022456681
005 20260408215422.0
035 _a(NLR Aleph) 022456681
090 _a13361208
_c13361208
100 _a20250213d1998 |||y0rusy50 ca
101 0 _arus
_aeng
102 _aRU
_aMD
_aUA
105 _aac||z|||000yy
181 0 _ai
_bxxxe
182 0 _an
200 1 _a"Стратег" двухходовой задачи
_d"A Strategist" of the two-mover
_e[о творчестве шахматного композитора К. Г. Гаврилова]
_fВ. А. Мельниченко, П. А. Молдовяну
_zeng
203 _aТекст
_bвизуальный
_cнепосредственный
210 _aКотовск
_c[б. и.]
_aКишинев
_c[б. и.]
_d1998
_gТипография г. Балта
215 _a71, [2] с.
_cил., портр.
_d21
300 _aТекст парал. рус. англ.
316 _aЭкз. РНБ (2025-4/774) с инксриптом В. А. Мельниченко для неустановленного лица
_5NLR: 2025-4/774
510 1 _6z23790
_a"A Strategist" of the two-mover
_zeng
600 1 _aГаврилов
_bК. Г.
_gКонстантин Григорьевич
_f1864 - 1943
_3RU\NLR\AUTH\6601751489
_92663462
686 1 _aЧ515.815.3(2)7-8Гаврилов
700 1 _aМельниченко
_bВ. А.
_gВиктор Александрович
701 1 _aМолдовяну
_bП. А.
_gПетр Андреевич
702 1 _aГаврилов
_bК. Г.
_f1864-1943
_gКонстантин Григорьевич
_4280
790 1 _6z23510
_6z23
_aMel'ničenko
_bV. A.
_gViktor Aleksandrovič
790 1 _6z23
_aMoldovjanu
_bP. A.
_gPetr Andreevič
942 _cBOOK
980 _aNB